|
|
|
|
| LEADER |
00000nam0a2200000 4500 |
| 001 |
362181 |
| 005 |
20231102011450.0 |
| 035 |
|
|
|a (RuTPU)RU\TPU\retro\19527
|
| 090 |
|
|
|a 362181
|
| 100 |
|
|
|a 20210719d1980 km y0rusy50 ca
|
| 101 |
0 |
|
|a rus
|
| 102 |
|
|
|a RU
|
| 105 |
|
|
|a a z 001zy
|
| 200 |
1 |
|
|a Физико-химические основы взаимодействия металлов с контролируемыми атмосферами
|f М. Н. Леонидова, Л. А. Шварцман, Л. А. Шульц
|g под ред. Л. А. Шварцмана
|
| 210 |
|
|
|a Москва
|c Металлургия
|d 1980
|
| 215 |
|
|
|a 264 с.
|c ил.
|
| 320 |
|
|
|a Библиогр.: с. 255-261
|
| 606 |
1 |
|
|a Контролируемые атмосферы при термической обработке
|x Взаимодействие с металлами
|2 stltpush
|3 (RuTPU)RU\TPU\subj\15510
|9 41745
|
| 610 |
1 |
|
|a химические реакции
|
| 610 |
1 |
|
|a термодинамическая активность
|
| 610 |
1 |
|
|a энергия Гиббса
|
| 610 |
1 |
|
|a сплавы
|
| 610 |
1 |
|
|a внутрипечное производство
|
| 610 |
1 |
|
|a нагрев
|
| 610 |
1 |
|
|a пластическая деформация
|
| 610 |
1 |
|
|a контроль
|
| 610 |
1 |
|
|a деформирование
|
| 610 |
1 |
|
|a регулирование
|
| 610 |
1 |
|
|a углеродный потенциал
|
| 675 |
|
|
|a 621.785.06
|v 4
|
| 700 |
|
1 |
|a Леонидова
|b М. Н.
|g Марина Николаевна
|
| 701 |
|
1 |
|a Шварцман
|b Л. А.
|g Лев Александрович
|
| 701 |
|
1 |
|a Шульц
|b Л. А.
|g Лев Александрович
|
| 702 |
|
1 |
|a Шварцман
|b Л. А.
|4 340
|
| 801 |
|
1 |
|a RU
|b 63413507
|c 20210719
|
| 942 |
|
|
|c BK
|